15 Highest Elevated Countries - Statistics

General Stats
  • This quiz has been taken 17 times
  • The average score is 11 of 15
Answer Stats
Hint Answer % Correct
3265m Nepal
100%
3280m Bhutan
94%
1555m Peru
88%
1871m Chile
81%
2989m Kyrgyzstan
81%
1996m Andorra
75%
1840m China
75%
1580m Mongolia
75%
3186m Tajikistan
75%
2161m Lesotho
69%
1504m Burundi
63%
1884m Afghanistan
56%
1598m Rwanda
56%
1792m Armenia
44%
1432m Georgia
44%
No matching quizzes found
Score Distribution
Percent of People with Each Score
Percentile by Number Answered
Your Score History
You have not taken this quiz